Online
Catalog

El desarrollo del capitalismo en Rusia : (Record no. 21404)

MARC details
000 -CABECERA
campo de control de longitud fija 01053nam a2200265 a 4500
001 - NÚMERO DE CONTROL
campo de control 000021906
005 - FECHA Y HORA DE LA ÚLTIMA TRANSACCIÓN
campo de control 20240404204714.0
008 - DATOS DE LONGITUD FIJA--INFORMACIÓN GENERAL
campo de control de longitud fija 910125s1973 ag 001 0 spa d
040 ## - FUENTE DE LA CATALOGACIÓN
Centro catalogador/agencia de origen DO-SdBNP
Lengua de catalogación spa
Centro/agencia transcriptor BNPHU
082 ## - NÚMERO DE LA CLASIFICACIÓN DECIMAL DEWEY
Número de clasificación 330.122
Número de documento/Ítem L566d, 1973
049 ## - FONDOS LOCALES (OCLC)
Fondos de biblioteca BNGR
100 1# - ENTRADA PRINCIPAL--NOMBRE DE PERSONA
Nombre de persona Lenin, Vladimir Ilich,
Fechas asociadas al nombre 1870-1924.
9 (RLIN) 32113
240 10 - TÍTULO UNIFORME
Título uniforme РАЗВИТIЕ КАПИТАЛИЗМА.
Lenguaje de la obra Español
245 13 - MENCIÓN DE TÍTULO
Título El desarrollo del capitalismo en Rusia :
Resto del título el proceso de la formación de un mercado interior para la gran industria /
Mención de responsabilidad, etc. Lenin Vladimir Ilich.
250 ## - MENCIÓN DE EDICIÓN
Mención de edición 3a ed.
260 ## - PUBLICACIÓN, DISTRIBUCIÓN, ETC.
Lugar de publicación, distribución, etc. Buenos Aires, Argentina :
Nombre del editor, distribuidor, etc. ediciones estudio,
Fecha de publicación, distribución, etc. 1973.
300 ## - DESCRIPCIÓN FÍSICA
Extensión 670 p. :
Otras características físicas il. ;
Dimensiones 21 cm.
490 1# - MENCIÓN DE SERIE
Mención de serie Clásicos del marxismo
504 ## - NOTA DE BIBLIOGRAFÍA, ETC.
Nota de bibliografía, etc. Incluye referencias bibliográficas y notas al pie de las páginas.
534 ## - NOTA SOBRE LA VERSIÓN ORIGINAL
Encabezamiento principal del original Título original en Ruso:
Mención de título del original РАЗВИТИЕ КАПИТАЛИЗМА.
650 #0 - PUNTO DE ACCESO ADICIONAL DE MATERIA--TÉRMINO DE MATERIA
Término de materia o nombre geográfico como elemento de entrada Capitalismo
9 (RLIN) 280
650 #4 - PUNTO DE ACCESO ADICIONAL DE MATERIA--TÉRMINO DE MATERIA
Término de materia o nombre geográfico como elemento de entrada Rusia
Subdivisión general Aspecto económico
9 (RLIN) 32182
650 #4 - PUNTO DE ACCESO ADICIONAL DE MATERIA--TÉRMINO DE MATERIA
Término de materia o nombre geográfico como elemento de entrada Rusia
Subdivisión general Condiciones sociales
9 (RLIN) 32183
830 #0 - PUNTO DE ACCESO ADICIONAL DE SERIE-TÍTULO UNIFORME
Título uniforme Clásicos del marxismo
9 (RLIN) 45458
Holdings
Estado de retiro Estado de pérdida Restricciones de uso No para préstamo Código de colección Localización permanente Ubicación/localización actual Ubicación en estantería Fecha de adquisición Número de inventario Total de préstamos Signatura topográfica completa Código de barras Fecha visto por última vez Precio válido a partir de Tipo de ítem Koha
        Monografías: Libros y Folletos General General En catalogación 14.09.2010 LF1   330.122 L566d, 1973 21906-10 25.06.2020 25.06.2020 Préstamo en sala

Powered by Koha